[Event "Swiss Queens Wed #1"]
[Site "FIDE Online Arena INT"]
[Date "2024.01.31"]
[Round "6"]
[White "Jarocka, Liwia"]
[Black "Ogbiyoyo, Perpetual Eloho"]
[Result "1-0"]
[WhiteElo "2194"]
[BlackElo "1885"]
[PlyCount "65"]
[EventDate "2024.01.31"]
[EventType "swiss (blitz)"]
[EventRounds "11"]
[EventCountry "NET"]
[SourceTitle "CBM 218 Extra"]
[Source "ChessBase"]
[SourceDate "2024.03.31"]
[SourceVersion "1"]
[SourceVersionDate "2024.03.31"]
[SourceQuality "1"]

1. Nf3 Nf6 2. d4 b6 3. g3 Bb7 4. Bg2 e6 5. 0-0 Be7 6. c4 0-0 7. Re1 Ne4 8. Nfd2 f5 9. Nxe4 Bxe4 10. f3 Bb7 11. Nc3 d6 12. Kh1 Nd7 13. a3 a6 14. e4 e5 15. Nd5 f4 16. dxe5 dxe5 17. gxf4 Bh4 18. Rf1 c6 19. Ne3 exf4 20. Nf5 Bg5 21. Nd6 Qc7 22. Bh3 Rad8 23. Nxb7 Qxb7 24. Qe2 Ne5 25. Qg2 h6 26. Bd2 Nxc4 27. Be6+ Kh7 28. Bxc4 Rd4 29. Ba2 Rfd8 30. Bc3 Rd3 31. Rae1 a5 32. Bb1 R3d6 33. e5+ 1-0

[Event "Swiss Queens Wed #1"]
[Site "FIDE Online Arena INT"]
[Date "2024.01.31"]
[Round "5"]
[White "Ogbiyoyo, Perpetual Eloho"]
[Black "Mahdian, Anousha"]
[Result "0-1"]
[WhiteElo "1885"]
[BlackElo "2069"]
[PlyCount "132"]
[EventDate "2024.01.31"]
[EventType "swiss (blitz)"]
[EventRounds "11"]
[EventCountry "NET"]
[SourceTitle "CBM 218 Extra"]
[Source "ChessBase"]
[SourceDate "2024.03.31"]
[SourceVersion "1"]
[SourceVersionDate "2024.03.31"]
[SourceQuality "1"]

1. e4 c6 2. d4 d5 3. Nc3 dxe4 4. Nxe4 Nf6 5. Nxf6+ exf6 6. Nf3 Bd6 7. Bd3 0-0 8. 0-0 Re8 9. h3 Nd7 10. c3 Nf8 11. Bc2 Be6 12. Re1 Qd7 13. Be3 Ng6 14. Nh2 Bxh3 15. Qh5 Bxh2+ 16. Kxh2 Bg4 17. Qc5 b6 18. Qc4 Be6 19. Qd3 Bd5 20. Rh1 Be4 21. Qd2 Bxc2 22. Qxc2 f5 23. g3 Qd5 24. Kg1 Qe4 25. Qxe4 Rxe4 26. Rh5 f4 27. gxf4 Nxf4 28. Rf5 Nd5 29. Rf3 Rae8 30. Re1 g6 31. Kf1 f5 32. Bd2 Rxe1+ 33. Bxe1 Kf7 34. c4 Nf6 35. Re3 Rxe3 36. fxe3 Ke6 37. Ke2 g5 38. Kf3 h5 39. Bd2 Ne4 40. Be1 Kf6 41. a3 a5 42. Ke2 a4 43. Kf3 Ke6 44. Bb4 Kf6 45. Be1 h4 46. Bb4 h3 47. Be1 g4+ 48. Kf4 h2 49. Bh4+ Ke6 50. d5+ cxd5 51. cxd5+ Kxd5 52. Kxf5 h1Q 53. Kxg4 Qf3+ 54. Kxf3 Nd2+ 55. Kf4 Nc4 56. Kf5 Nxe3+ 57. Kf6 Nc4 58. Ke7 Nxb2 59. Kd7 Nc4 60. Be7 b5 61. Kc7 Nd2 62. Kb6 Kc4 63. Ka5 Nb3+ 64. Ka6 Nd4 65. Ka5 Nc6+ 66. Kb6 Nxe7 0-1

[Event "Olympiad Women-44"]
[Site "Chennai"]
[Date "2022.08.09"]
[Round "11.3"]
[White "Ogbiyoyo, Perpetual Eloho"]
[Black "Rouda Essa, Alserkal"]
[Result "0-1"]
[WhiteElo "1886"]
[BlackElo "1874"]
[PlyCount "106"]
[EventDate "2022.07.29"]
[EventType "team-swiss"]
[EventRounds "11"]
[EventCountry "IND"]
[SourceTitle "CBM 210"]
[Source "ChessBase"]
[SourceDate "2022.10.31"]
[SourceVersion "1"]
[SourceVersionDate "2022.10.31"]
[SourceQuality "1"]
[WhiteTeam "Nigeria (W)"]
[BlackTeam "United Arab Emirates (W)"]
[WhiteTeamCountry "NGR"]
[BlackTeamCountry "UAE"]

1. e4 e5 2. Nf3 Nc6 3. Nc3 Nf6 4. Bb5 d6 5. d4 exd4 6. Nxd4 Bd7 7. Bg5 Be7 8. 0-0 0-0 9. Re1 a6 10. Bxc6 bxc6 11. Qd3 c5 12. Nf3 Be6 13. Rad1 Nh5 14. Bxe7 Qxe7 15. e5 Rfd8 16. Qe4 Rab8 17. g4 Rb4 18. exd6 Qf8 19. dxc7 Rc8 20. Qe5 Rxg4+ 21. Kh1 Nf6 22. Ng5 Bd7 23. Rd6 Re8 24. Qxe8 Nxe8 25. Rxd7 Nxc7 26. Rxc7 Rxg5 27. Rce7 Qa8+ 28. R1e4 Kf8 29. f4 Rg4 30. Nd5 Qd8 31. h3 Rg6 32. f5 Rd6 33. c4 Rxd5 34. Re8+ Qxe8 35. Rxe8+ Kxe8 36. cxd5 Ke7 37. Kg2 Kd6 38. Kf3 Kxd5 39. Kf4 f6 40. Ke3 c4 41. h4 h5 42. a3 Ke5 43. a4 Kxf5 44. Kd4 Ke6 45. Kxc4 Kd6 46. b4 Kc6 47. Kd4 g5 48. hxg5 fxg5 49. Ke4 g4 50. Kf4 Kd5 51. Kg3 Kc4 52. b5 axb5 53. a5 Kc5 0-1

[Event "Olympiad Women-44"]
[Site "Chennai"]
[Date "2022.08.06"]
[Round "8.3"]
[White "Gamage, Desandhi Dhihansa"]
[Black "Ogbiyoyo, Perpetual Eloho"]
[Result "1-0"]
[WhiteElo "1561"]
[BlackElo "1886"]
[PlyCount "77"]
[EventDate "2022.07.29"]
[EventType "team-swiss"]
[EventRounds "11"]
[EventCountry "IND"]
[SourceTitle "CBM 210"]
[Source "ChessBase"]
[SourceDate "2022.10.31"]
[SourceVersion "1"]
[SourceVersionDate "2022.10.31"]
[SourceQuality "1"]
[WhiteTeam "Sri Lanka (W)"]
[BlackTeam "Nigeria (W)"]
[WhiteTeamCountry "SRI"]
[BlackTeamCountry "NGR"]

1. e4 e5 2. Nf3 Nc6 3. Bc4 Bc5 4. c3 Nf6 5. d3 d6 6. h3 h6 7. Bb3 0-0 8. g4 Nh7 9. Rg1 Be6 10. Bc2 d5 11. Qe2 dxe4 12. dxe4 Qe7 13. Nbd2 a6 14. Nf1 b5 15. Ng3 Rad8 16. Nf5 Bxf5 17. gxf5 Kh8 18. Qf1 Bb6 19. Qg2 Rg8 20. a3 a5 21. Bb3 b4 22. Bd5 Nb8 23. Bxf7 Nf6 24. Bxg8 Rxg8 25. Nh4 Qd6 26. Qf3 Nbd7 27. Be3 bxc3 28. bxc3 Qc6 29. Bxb6 cxb6 30. Ng6+ Kh7 31. Ne7 Qc4 32. Nxg8 Kxg8 33. Rd1 Nc5 34. Qg3 Qxe4+ 35. Kf1 g5 36. fxg6 Qc4+ 37. Kg2 Ncd7 38. Kh2 Nh5 39. Qg4 1-0

[Event "NGR-ch (Women)"]
[Site "Lagos"]
[Date "2021.11.14"]
[Round "9"]
[White "Ogbiyoyo, Perpetual Eloho"]
[Black "Onoja, Iyefu Joy"]
[Result "1-0"]
[WhiteElo "1850"]
[BlackElo "1768"]
[PlyCount "71"]
[EventDate "2021.11.09"]
[EventType "tourn"]
[EventRounds "9"]
[EventCountry "NGR"]
[SourceTitle "CBM 205 Extra"]
[Source "ChessBase"]
[SourceDate "2022.01.31"]
[SourceVersion "1"]
[SourceVersionDate "2022.01.31"]
[SourceQuality "1"]

1. e4 e6 2. d4 d5 3. Nd2 Nd7 4. Ngf3 dxe4 5. Nxe4 Ngf6 6. Ng3 c5 7. c3 Be7 8. Bd3 0-0 9. 0-0 b6 10. Ne5 Bb7 11. Qe2 cxd4 12. cxd4 Nd5 13. Bd2 N7f6 14. f4 Nb4 15. Bc3 Nxd3 16. Qxd3 a5 17. Qd2 b5 18. a3 Nd5 19. Qf2 Bh4 20. Rae1 Nxc3 21. bxc3 Rc8 22. Re3 Qd6 23. Qb2 Ba6 24. Ne4 Qb6 25. Nd7 Qc7 26. Nxf8 Rxf8 27. Nc5 Qc6 28. Rh3 Be7 29. Nxa6 Qxa6 30. f5 exf5 31. Rxf5 Qe6 32. Re5 Qd6 33. Rhe3 Qxa3 34. Qxa3 Bxa3 35. Rxb5 Ra8 36. Ree5 1-0

[Event "NGR-ch (Women)"]
[Site "Lagos"]
[Date "2021.11.11"]
[Round "5"]
[White "Ogbiyoyo, Perpetual Eloho"]
[Black "Assa, Oluwaseun"]
[Result "1-0"]
[WhiteElo "1850"]
[BlackElo "1777"]
[PlyCount "71"]
[EventDate "2021.11.09"]
[EventType "tourn"]
[EventRounds "9"]
[EventCountry "NGR"]
[SourceTitle "CBM 205 Extra"]
[Source "ChessBase"]
[SourceDate "2022.01.31"]
[SourceVersion "1"]
[SourceVersionDate "2022.01.31"]
[SourceQuality "1"]

1. e4 e5 2. Nf3 d6 3. d4 exd4 4. Nxd4 Nf6 5. Nc3 Be7 6. Be2 Bd7 7. 0-0 Nc6 8. Be3 Qc8 9. f3 0-0 10. Qd2 a6 11. Rad1 Ne5 12. Bg5 Re8 13. f4 Nc6 14. Nf3 Rd8 15. Qe1 Ng4 16. h3 Ne3 17. Nd5 Bxg5 18. Nxe3 Bxf4 19. Nd5 Bh6 20. Nd4 Re8 21. Qg3 Nxd4 22. Rxd4 Re6 23. Bg4 Kf8 24. Bxe6 Bxe6 25. e5 dxe5 26. Qxe5 Bxd5 27. Rxd5 c6 28. Rd3 Rb8 29. Rfd1 f6 30. Qc5+ Kf7 31. Qh5+ Kf8 32. Qc5+ Kf7 33. Rd7+ Kg6 34. h4 Bf4 35. g4 Qe8 36. Qh5# 1-0

[Event "NGR-ch (Women)"]
[Site "Lagos"]
[Date "2021.11.11"]
[Round "6"]
[White "Omishogbon, Nkem"]
[Black "Ogbiyoyo, Perpetual Eloho"]
[Result "0-1"]
[WhiteElo "1748"]
[BlackElo "1850"]
[PlyCount "73"]
[EventDate "2021.11.09"]
[EventType "tourn"]
[EventRounds "9"]
[EventCountry "NGR"]
[SourceTitle "CBM 205 Extra"]
[Source "ChessBase"]
[SourceDate "2022.01.31"]
[SourceVersion "1"]
[SourceVersionDate "2022.01.31"]
[SourceQuality "1"]

1. d4 Nf6 2. Nf3 b6 3. e3 Bb7 4. Bd3 c5 5. dxc5 bxc5 6. Nc3 e6 7. e4 Be7 8. 0-0 0-0 9. Be3 Nc6 10. h3 d6 11. Qe2 Qc7 12. Ba6 Rfd8 13. Rad1 Bxa6 14. Qxa6 Qb6 15. Qxb6 axb6 16. a3 b5 17. Nd2 b4 18. axb4 Nxb4 19. Rc1 d5 20. exd5 exd5 21. Bg5 h6 22. Bh4 g5 23. Bg3 Bd6 24. Bxd6 Rxd6 25. b3 Re8 26. Na4 Re2 27. Rfd1 Nd7 28. Nc4 Rf6 29. Rd2 Rfxf2 30. Rxe2 Rxe2 31. Na3 Kg7 32. c3 Nd3 33. Rb1 Ra2 34. Rd1 Nf4 35. Nb1 Rxg2+ 36. Kf1 Rg3 37. Ke1 0-1

[Event "NGR-ch (Women)"]
[Site "Lagos"]
[Date "2021.11.10"]
[Round "4"]
[White "Aramude, Sandra"]
[Black "Ogbiyoyo, Perpetual Eloho"]
[Result "1/2-1/2"]
[WhiteElo "1783"]
[BlackElo "1850"]
[PlyCount "138"]
[EventDate "2021.11.09"]
[EventType "tourn"]
[EventRounds "9"]
[EventCountry "NGR"]
[SourceTitle "CBM 205 Extra"]
[Source "ChessBase"]
[SourceDate "2022.01.31"]
[SourceVersion "1"]
[SourceVersionDate "2022.01.31"]
[SourceQuality "1"]

1. b3 Nf6 2. Bb2 b6 3. e3 Bb7 4. Nf3 g6 5. g3 Bg7 6. c4 c5 7. Nc3 d6 8. Bg2 Nbd7 9. 0-0 0-0 10. d4 Ne4 11. Qd3 Nxc3 12. Bxc3 e5 13. Nd2 Bxg2 14. Kxg2 Qe7 15. d5 f5 16. f3 Rae8 17. e4 f4 18. g4 Qh4 19. Qe2 Kf7 20. a3 h5 21. Qf2 Qe7 22. h3 hxg4 23. hxg4 Rh8 24. Rh1 Qg5 25. Rxh8 Rxh8 26. Rh1 Rxh1 27. Kxh1 Nf6 28. b4 Qh6+ 29. Kg2 Nh7 30. Qg1 Qh4 31. Nf1 Ng5 32. Qh2 Qxh2+ 33. Nxh2 Bf6 34. Nf1 Ke7 35. b5 Kd7 36. Nd2 Nf7 37. Kh3 Kc7 38. Nb3 Ng5+ 39. Kg2 Nh7 40. Be1 Kb7 41. Nc1 Nf8 42. Nd3 Nd7 43. Kh3 g5 44. Kg2 Be7 45. Kf2 Nf8 46. Kg2 a6 47. a4 Nd7 48. Kf2 Nf6 49. Nc1 Ne8 50. Ke2 Nc7 51. Na2 Ne8 52. Nc1 Nf6 53. Nd3 Nh7 54. Kf2 Nf8 55. Ke2 Ng6 56. Kf1 Bf8 57. Kg2 Be7 58. Kf2 Bf6 59. Kg2 Ne7 60. Kh3 Nc8 61. Kg2 Na7 62. Nb2 Nc8 63. Kf2 Ne7 64. Ke2 Ng6 65. Nd3 Be7 66. Kf1 Ka7 67. Nc1 Kb7 68. Nb3 Nf8 69. Ke2 Ng6 1/2-1/2

[Event "NGR-ch (Women)"]
[Site "Lagos"]
[Date "2021.11.09"]
[Round "2"]
[White "Suleiman Azumi, Ayisha"]
[Black "Ogbiyoyo, Perpetual Eloho"]
[Result "0-1"]
[WhiteElo "1796"]
[BlackElo "1850"]
[PlyCount "78"]
[EventDate "2021.11.09"]
[EventType "tourn"]
[EventRounds "9"]
[EventCountry "NGR"]
[SourceTitle "CBM 205 Extra"]
[Source "ChessBase"]
[SourceDate "2022.01.31"]
[SourceVersion "1"]
[SourceVersionDate "2022.01.31"]
[SourceQuality "1"]

1. e4 e5 2. Bc4 Nc6 3. Nf3 Bc5 4. 0-0 d6 5. h3 Nf6 6. d3 0-0 7. Be3 Bb6 8. Nbd2 Ne7 9. Bxb6 axb6 10. c3 Ng6 11. d4 Qe7 12. Re1 Nf4 13. Qc2 Kh8 14. Rad1 N6h5 15. dxe5 dxe5 16. Bb3 Qf6 17. Kh2 Nxg2 18. Kxg2 Nf4+ 19. Kh1 Nxh3 20. Rf1 g5 21. Nh2 Nxf2+ 22. Kg1 Nh3+ 23. Kh1 Nf4 24. Ndf3 g4 25. Ne1 g3 26. Ng2 Qh6 27. Nxf4 exf4 28. Kg1 Rg8 29. Nf3 g2 30. Rfe1 Bg4 31. Qd3 Bxf3 32. Qxf3 Rg3 33. Qe2 Qh1+ 34. Kf2 g1Q+ 35. Rxg1 Qh2+ 36. Ke1 Rxg1+ 37. Kd2 Rd8+ 38. Kc1 Qxe2 39. Rxg1 Qe3+ 0-1

[Event "Online Olym Div3 C"]
[Site "Chess.com INT"]
[Date "2021.08.28"]
[Round "6.2"]
[White "Chong, Kimberly"]
[Black "Ogbiyoyo, Perpetual Eloho"]
[Result "1-0"]
[WhiteElo "1790"]
[BlackElo "1850"]
[PlyCount "121"]
[EventDate "2021.08.27"]
[EventType "team-tourn (rapid)"]
[EventRounds "9"]
[EventCountry "USA"]
[SourceTitle "CBM 204 Extra"]
[Source "ChessBase"]
[SourceDate "2021.11.30"]
[SourceVersion "1"]
[SourceVersionDate "2021.11.30"]
[SourceQuality "1"]
[WhiteTeam "Wales"]
[BlackTeam "Nigeria"]
[WhiteTeamCountry "WLS"]
[BlackTeamCountry "NGR"]

1. e4 e5 2. Nf3 Nc6 3. Bc4 Bc5 4. 0-0 d6 5. h3 Nf6 6. d3 h6 7. c3 0-0 8. d4 Bb6 9. Re1 Qe7 10. d5 Nd8 11. a4 a6 12. b4 Nh7 13. Nbd2 f5 14. exf5 Bxf5 15. Ne4 Nf7 16. Ng3 Bd7 17. Be3 Bxe3 18. Rxe3 Nfg5 19. Nd4 Qf6 20. Nf3 Bxh3 21. Qd2 Bg4 22. Nh2 Bd7 23. Bd3 Rae8 24. Bxh7+ Kxh7 25. Nf3 Qg6 26. Nh4 Qf7 27. a5 g6 28. Nf3 Qe7 29. Rae1 Nxf3+ 30. Rxf3 Rxf3 31. gxf3 Rf8 32. f4 Qf6 33. fxe5 dxe5 34. Ne4 Qf3 35. Qe3 Qxe3 36. Rxe3 Rf5 37. Nc5 Bc8 38. Nd3 e4 39. Rxe4 Rxd5 40. Re7+ Kg8 41. Re8+ Kf7 42. Rxc8 Rxd3 43. Rxc7+ Kf6 44. Rxb7 Rxc3 45. Rb6+ Kg5 46. Rxa6 Rb3 47. Rb6 h5 48. a6 h4 49. a7 Ra3 50. Rb7 Kg4 51. Kh2 Ra2 52. Rf7 g5 53. b5 Kh5 54. b6 g4 55. Kg1 Ra1+ 56. Kg2 Ra2 57. Rf8 g3 58. a8Q Rxa8 59. Rxa8 Kg4 60. Rg8+ Kf4 61. fxg3+ 1-0

[Event "Online Olym Div3 C"]
[Site "Chess.com INT"]
[Date "2021.08.28"]
[Round "5.4"]
[White "Ogbiyoyo, Perpetual Eloho"]
[Black "Besa, Masaiti"]
[Result "1-0"]
[WhiteElo "1850"]
[BlackElo "1708"]
[PlyCount "57"]
[EventDate "2021.08.27"]
[EventType "team-tourn (rapid)"]
[EventRounds "9"]
[EventCountry "USA"]
[SourceTitle "CBM 204 Extra"]
[Source "ChessBase"]
[SourceDate "2021.11.30"]
[SourceVersion "1"]
[SourceVersionDate "2021.11.30"]
[SourceQuality "1"]
[WhiteTeam "Nigeria"]
[BlackTeam "Botswana"]
[WhiteTeamCountry "NGR"]
[BlackTeamCountry "BOT"]

1. e4 c5 2. Nc3 Nc6 3. f4 g6 4. Nf3 Bg7 5. Bc4 d6 6. h3 Nf6 7. d3 a6 8. a4 Bd7 9. 0-0 0-0 10. e5 dxe5 11. fxe5 Ne8 12. e6 Bxe6 13. Bxe6 fxe6 14. Ng5 Nc7 15. Rxf8+ Qxf8 16. Be3 Bd4 17. Qe2 Qf5 18. Rf1 Qxg5 19. Bxd4 Nxd4 20. Qf2 Nf5 21. g4 Nd6 22. Nd1 b6 23. Ne3 Qf6 24. Qd2 Qxb2 25. Qf2 Qf6 26. Qd2 Qh4 27. Kh2 Rf8 28. Ng2 Rf2 29. Rxf2 1-0

[Event "Africa-ch (Women)"]
[Site "Lilongwe"]
[Date "2021.05.27"]
[Round "9"]
[White "Ogbiyoyo, Perpetual Eloho"]
[Black "Mongeli, Sasha"]
[Result "0-1"]
[WhiteElo "1880"]
[BlackElo "1553"]
[PlyCount "150"]
[EventDate "2021.05.18"]
[EventType "swiss"]
[EventRounds "9"]
[EventCountry "MWI"]
[SourceTitle "EXT 2022"]
[Source "ChessBase"]
[SourceDate "2021.10.06"]
[SourceVersion "1"]
[SourceVersionDate "2021.10.06"]
[SourceQuality "1"]

1. e4 c6 2. d4 d5 3. f3 dxe4 4. fxe4 e5 5. Nf3 Bg4 6. Bc4 Nd7 7. 0-0 Ngf6 8. Bg5 Bd6 9. Qe2 0-0 10. Nbd2 exd4 11. h3 Bxf3 12. Nxf3 Ne5 13. Bb3 d3 14. cxd3 Bc5+ 15. Kh1 Qxd3 16. Qxd3 Nxd3 17. e5 Nd5 18. Kh2 Rae8 19. Rad1 Nxe5 20. Bxd5 cxd5 21. Rxd5 Nxf3+ 22. Rxf3 b6 23. Rd7 f6 24. Bd2 Rf7 25. Rfd3 Rxd7 26. Rxd7 Re7 27. Rxe7 Bxe7 28. Kg3 Kf7 29. Kf4 Ke6 30. g4 g6 31. b3 Kd5 32. Be3 Bf8 33. Kf3 Bc5 34. Bc1 Ke5 35. Bb2+ Bd4 36. Bc1 Kd5 37. h4 Bc3 38. Be3 Bd4 39. Bc1 b5 40. Bd2 Be5 41. Be3 Bd4 42. Bd2 Bb6 43. Bc3 Bd8 44. h5 a5 45. Bb2 a4 46. Bc3 Be7 47. Bb2 Ke6 48. Ke4 Bd6 49. Bc1 Be5 50. Bd2 gxh5 51. gxh5 f5+ 52. Kf3 Kd5 53. Be3 Bd4 54. Bd2 Bg7 55. Be3 Ke5 56. Bc1 Bf6 57. Bb2+ Ke6 58. Bc1 Bg7 59. Bd2 Kd5 60. Be3 Bf8 61. Bf2 Bh6 62. Ba7 Ke5 63. Bf2 Kf6 64. Bh4+ Bg5 65. Bf2 Kg7 66. bxa4 bxa4 67. Ke2 Kh6 68. Kd3 Kxh5 69. Kc4 a3 70. Bc5 Bc1 71. Kd3 Kg4 72. Ke2 Kg3 73. Kf1 Kf3 74. Bg1 Be3 75. Bh2 f4 0-1

[Event "Africa-ch (Women)"]
[Site "Lilongwe"]
[Date "2021.05.23"]
[Round "5"]
[White "Ogbiyoyo, Perpetual Eloho"]
[Black "Banda, Natalie Katlo"]
[Result "1-0"]
[WhiteElo "1880"]
[BlackElo "1560"]
[PlyCount "43"]
[EventDate "2021.05.18"]
[EventType "swiss"]
[EventRounds "9"]
[EventCountry "MWI"]
[SourceTitle "EXT 2022"]
[Source "ChessBase"]
[SourceDate "2021.10.06"]
[SourceVersion "1"]
[SourceVersionDate "2021.10.06"]
[SourceQuality "1"]

1. e4 c6 2. d4 d5 3. f3 e6 4. Nc3 Bb4 5. Bd2 Bxc3 6. Bxc3 dxe4 7. Qd2 exf3 8. Nxf3 Qd5 9. Bd3 Nf6 10. Ne5 h6 11. 0-0 b6 12. Bc4 Qd8 13. Qf4 0-0 14. Rad1 Bb7 15. Bb4 Re8 16. g4 a5 17. Be1 b5 18. Be2 Rf8 19. Bh4 Nh5 20. Qc1 Nf6 21. Rxf6 gxf6 22. Qxh6 1-0

[Event "Africa-ch (Women)"]
[Site "Lilongwe"]
[Date "2021.05.20"]
[Round "3"]
[White "Ogbiyoyo, Perpetual Eloho"]
[Black "Moaataz, Ayah"]
[Result "0-1"]
[WhiteElo "1880"]
[BlackElo "2028"]
[PlyCount "106"]
[EventDate "2021.05.18"]
[EventType "swiss"]
[EventRounds "9"]
[EventCountry "MWI"]
[SourceTitle "EXT 2022"]
[Source "ChessBase"]
[SourceDate "2021.10.06"]
[SourceVersion "1"]
[SourceVersionDate "2021.10.06"]
[SourceQuality "1"]

1. e4 c6 2. d4 d5 3. Nc3 dxe4 4. Nxe4 Bf5 5. Ng3 Bg6 6. N1e2 e6 7. h4 h6 8. Nf4 Bh7 9. Bc4 Nf6 10. Qe2 Bd6 11. Ngh5 Nxh5 12. Nxh5 Rg8 13. c3 Nd7 14. Bd2 Nf6 15. 0-0-0 Nxh5 16. Qxh5 Qf6 17. Be3 0-0-0 18. Qa5 Qf5 19. Qxf5 Bxf5 20. f3 h5 21. b4 b5 22. Bd3 Bxd3 23. Rxd3 Bc7 24. Kc2 Rd5 25. Bf2 Rgd8 26. Rhd1 a5 27. a3 g5 28. R1d2 Rg8 29. Re2 Kd7 30. Rde3 Bd6 31. Re4 Be7 32. Be1 a4 33. Kd3 Rg6 34. c4 bxc4+ 35. Kxc4 f5 36. Re5 gxh4 37. Rxd5+ exd5+ 38. Kd3 h3 39. gxh3 Rg1 40. Bc3 Rg3 41. Ke3 Bd6 42. Rh2 Rg1 43. Re2 Bg3 44. f4 Rf1 45. Rg2 h4 46. Bd2 Rxf4 47. Kd3 Rf3+ 48. Kc2 Rxa3 49. Re2 Rf3 50. Bg5 Rf2 51. Rxf2 Bxf2 52. Kd3 Bg3 53. Bd2 Kc7 0-1

[Event "Online Olym Div4 C"]
[Site "Chess.com INT"]
[Date "2020.08.02"]
[Round "7.4"]
[White "Ibtihal, Mohammed"]
[Black "Ogbiyoyo, Perpetual Eloho"]
[Result "0-1"]
[WhiteElo "1491"]
[BlackElo "1880"]
[PlyCount "60"]
[EventDate "2020.07.31"]
[EventType "team-tourn (rapid)"]
[EventRounds "9"]
[EventCountry "USA"]
[SourceTitle "CBM 198"]
[Source "ChessBase"]
[SourceDate "2020.10.31"]
[SourceVersion "1"]
[SourceVersionDate "2020.10.31"]
[SourceQuality "1"]
[WhiteTeam "Sudan"]
[BlackTeam "Nigeria"]
[WhiteTeamCountry "SUD"]
[BlackTeamCountry "NGR"]

1. e4 e5 2. c3 d5 3. exd5 Qxd5 4. Nf3 Nc6 5. Na3 Bxa3 6. bxa3 Bg4 7. Be2 Nf6 8. 0-0 0-0 9. Re1 Rfe8 10. Qb3 Qxb3 11. axb3 e4 12. Ng5 Bxe2 13. Rxe2 h6 14. Nh3 Rad8 15. Bb2 Ne5 16. Rae1 Nd3 17. Rb1 g5 18. Kf1 g4 19. Ng1 Nh5 20. g3 f5 21. c4 f4 22. Bc3 Rd7 23. h3 gxh3 24. Nxh3 fxg3 25. fxg3 Nxg3+ 26. Kg2 Nxe2 27. Kh2 Nxc3 28. dxc3 e3 29. Rg1+ Kh7 30. Rg4 e2 0-1

[Event "Africa-ch Blitz (Women)"]
[Site "Casablanca"]
[Date "2019.08.28"]
[Round "5.8"]
[White "Ogbiyoyo, Perpetual Eloho"]
[Black "Tjaronda, Nicola"]
[Result "1-0"]
[WhiteElo "1831"]
[BlackElo "1545"]
[PlyCount "68"]
[EventDate "2019.08.28"]
[EventType "swiss (blitz)"]
[EventRounds "9"]
[EventCountry "MAR"]
[SourceTitle "EXT 2024"]
[Source "ChessBase"]
[SourceDate "2023.10.10"]
[SourceVersion "1"]
[SourceVersionDate "2023.10.10"]
[SourceQuality "1"]

1. e4 e5 2. Nf3 d6 3. Bc4 h6 4. 0-0 Nf6 5. d3 Bg4 6. h3 Bd7 7. c3 Nc6 8. d4 exd4 9. cxd4 Be7 10. Nc3 0-0 11. Bb3 Qc8 12. Nh2 Na5 13. Bc2 c5 14. e5 dxe5 15. dxe5 Nh7 16. Qd3 g6 17. Bxh6 Re8 18. Qg3 Bf5 19. Ba4 Rd8 20. Rfe1 Bf8 21. Bxf8 Kxf8 22. Qf4 Kg7 23. g4 Be6 24. Bc2 Rf8 25. Ne4 Nc6 26. Nf6 Ne7 27. Rad1 Qc7 28. h4 Rad8 29. h5 g5 30. Qe4 Rh8 31. Nxh7 Rxh7 32. Qxh7+ Kf8 33. Qh8+ Ng8 34. Bh7 f6 1-0

[Event "Africa-chT rapid (Women)"]
[Site "Casablanca"]
[Date "2019.08.27"]
[Round "6.6"]
[White "Ogbiyoyo, Perpetual Eloho"]
[Black "Tjaronda, Nicola"]
[Result "1-0"]
[WhiteElo "1829"]
[BlackElo "1545"]
[PlyCount "69"]
[EventDate "2019.08.26"]
[EventType "swiss (rapid)"]
[EventRounds "9"]
[EventCountry "MAR"]
[SourceTitle "EXT 2020"]
[Source "ChessBase"]
[SourceDate "2019.10.17"]
[SourceVersion "1"]
[SourceVersionDate "2019.10.17"]
[SourceQuality "1"]

1. e4 c5 2. Nc3 Nc6 3. f4 g6 4. Nf3 Bg7 5. Bb5 a6 6. Bxc6 bxc6 7. 0-0 e6 8. d3 Ne7 9. Qe1 d5 10. e5 Nf5 11. g4 Nd4 12. Nxd4 cxd4 13. Ne2 c5 14. Qg3 0-0 15. Kh1 f6 16. exf6 Rxf6 17. f5 Rf7 18. Bf4 exf5 19. Bd6 Bf8 20. Be5 Bg7 21. Bxg7 Kxg7 22. Rf2 fxg4 23. Qe5+ Kg8 24. Rxf7 Kxf7 25. Rf1+ Kg8 26. Rf6 Bb7 27. Nf4 Qe8 28. Re6 Qf7 29. Re7 Qf8 30. Rxb7 Re8 31. Qxd5+ Kh8 32. Qg5 Re1+ 33. Kg2 Qa8 34. Nxg6+ hxg6 35. Qh6+ 1-0

[Event "Africa-chT rapid (Women)"]
[Site "Casablanca"]
[Date "2019.08.26"]
[Round "1.8"]
[White "Msukwa, Tupokiwe"]
[Black "Ogbiyoyo, Perpetual Eloho"]
[Result "0-1"]
[WhiteElo "1289"]
[BlackElo "1829"]
[PlyCount "62"]
[EventDate "2019.08.26"]
[EventType "swiss (rapid)"]
[EventRounds "9"]
[EventCountry "MAR"]
[SourceTitle "EXT 2020"]
[Source "ChessBase"]
[SourceDate "2019.10.17"]
[SourceVersion "1"]
[SourceVersionDate "2019.10.17"]
[SourceQuality "1"]

1. d4 f5 2. c4 Nf6 3. Nc3 e6 4. Nf3 d6 5. Bg5 Be7 6. h3 0-0 7. e3 Ne4 8. Bxe7 Qxe7 9. Qc2 Nf6 10. Be2 c6 11. h4 e5 12. dxe5 dxe5 13. 0-0-0 Ng4 14. Rhf1 Na6 15. a3 h6 16. g3 Be6 17. Nd2 Nf6 18. Nf3 Ng4 19. Nd2 Rad8 20. Bxg4 fxg4 21. Kb1 Nc5 22. Na4 Nd3 23. f3 gxf3 24. Rxf3 Rxf3 25. Nxf3 e4 26. Nd4 Bg4 27. Rf1 c5 28. Rd1 cxd4 29. Rxd3 exd3 30. Qxd3 dxe3 31. Qf1 Rd1+ 0-1

[Event "Africa-chT rapid (Women)"]
[Site "Casablanca"]
[Date "2019.08.26"]
[Round "4.3"]
[White "Mwango, Lorita"]
[Black "Ogbiyoyo, Perpetual Eloho"]
[Result "1-0"]
[WhiteElo "1844"]
[BlackElo "1829"]
[PlyCount "67"]
[EventDate "2019.08.26"]
[EventType "swiss (rapid)"]
[EventRounds "9"]
[EventCountry "MAR"]
[SourceTitle "EXT 2020"]
[Source "ChessBase"]
[SourceDate "2019.10.17"]
[SourceVersion "1"]
[SourceVersionDate "2019.10.17"]
[SourceQuality "1"]

1. c4 e5 2. Nc3 Nc6 3. g3 f5 4. Bg2 Nf6 5. e3 Bb4 6. Nge2 Bxc3 7. Nxc3 0-0 8. 0-0 d6 9. d4 e4 10. a3 a5 11. Bd2 Ne7 12. Qb3 Kh8 13. f3 exf3 14. Bxf3 c6 15. Rae1 Be6 16. a4 d5 17. cxd5 Nfxd5 18. Nxd5 Bxd5 19. Bxd5 Nxd5 20. Qxb7 Rb8 21. Qxc6 Rxb2 22. Rf2 Nf6 23. Qc3 Qb8 24. Rxf5 Rc8 25. Qxa5 Ne4 26. Rb5 Rxb5 27. axb5 Rc2 28. Re2 Qf8 29. b6 h6 30. b7 Qf3 31. b8Q+ Kh7 32. Qf4 Nxd2 33. Qxf3 Nxf3+ 34. Kf2 1-0

[Event "Africa-chT rapid"]
[Site "Casablanca"]
[Date "2019.08.24"]
[Round "3.5"]
[White "Caxita, Esperanca"]
[Black "Ogbiyoyo, Perpetual Eloho"]
[Result "1-0"]
[WhiteElo "1803"]
[BlackElo "1831"]
[PlyCount "61"]
[EventDate "2019.08.24"]
[EventType "team-swiss (rapid)"]
[EventRounds "9"]
[EventCountry "MAR"]
[SourceTitle "EXT 2020"]
[Source "ChessBase"]
[SourceDate "2019.10.17"]
[SourceVersion "1"]
[SourceVersionDate "2019.10.17"]
[SourceQuality "1"]
[WhiteTeam "Angola"]
[BlackTeam "Nigeria"]
[WhiteTeamCountry "ANG"]
[BlackTeamCountry "NGR"]

1. e4 e5 2. Nf3 Nc6 3. Bc4 Bc5 4. c3 d6 5. 0-0 Nf6 6. d3 0-0 7. Bg5 h6 8. Bh4 Bg4 9. Nbd2 Na5 10. Bb5 c6 11. Ba4 b5 12. Bc2 Nb7 13. h3 Bh5 14. g4 Bg6 15. d4 exd4 16. cxd4 Bb4 17. e5 Bxc2 18. Qxc2 dxe5 19. dxe5 g5 20. exf6 gxh4 21. Ne4 Qd5 22. Rfd1 Qe6 23. Nd4 Qc8 24. a3 Ba5 25. Qc1 Kh7 26. Nf5 Qxf5 27. gxf5 c5 28. Rd7 Nd8 29. Qxc5 Rg8+ 30. Kh1 Rc8 31. Qxc8 1-0